=LDR 00000nam 2200000 4500 =001 INLIS000000000019335 =005 20130612114416 =008 ***********************************Ind** =035 ##$$0010-061300000019335 =041 ##$$a Ind =082 ##$$a F Rom K =090 ##$$a F Rom K, Guf s =100 ##$$a Gufran =245 ##$$a Si belang paling berani, Gufran =260 ##$$a 2005 $b Mataram =300 ##$$a 23 hlm, ilus, 21 cm =650 ##$$a Fiksi kanak-kanak =850 ##$$a NBPNMAT